| 000 | 00865nam2a22002291 4500 | ||
|---|---|---|---|
| 001 | v19\rc\2013510 | ||
| 005 | 20250620002539.0 | ||
| 035 | _a(NLR Aleph) 005094953 | ||
| 090 |
_a7335834 _c7335834 |
||
| 100 | _a20080925d1902 |||y0rusy50 ca | ||
| 101 | 0 | _arus | |
| 102 | _aRU | ||
| 105 | _ay z ||||| | ||
| 200 | 1 | _aТеория и расчет противовесов | |
| 210 |
_d1902 _aБ. м. |
||
| 461 | 0 |
_1001v19\rc\2013509 _12001#$aКурс паровозов$eВып. 7$fМоск. инженерное училище$vВып. 7 _97335827 _c[Москва] _d1902 _fМоск. инженерное училище _nтипо-лит. В. Чичерин _oВып. 7 _tКурс паровозов _vВып. 7 |
|
| 700 | 1 |
_aНольтейн _bЕ.Е. |
|
| 801 | 0 |
_aRU _bNLR _gpsbo |
|
| 801 | 1 |
_aRU _bProSoft-M _2rusmarc |
|
| 852 |
_aNLR _j37.24.7.21 |
||
| 942 | _cBOOK | ||
| 980 | _aNB | ||